| 000 | 01170nam a2200301 a 4500 | ||
|---|---|---|---|
| 001 | ebr10417542 | ||
| 003 | CaPaEBR | ||
| 006 | m u | ||
| 007 | cr cn||||||||| | ||
| 008 | 101209s2008 ii a sb 000 0 eng d | ||
| 020 | _z9788171337194 | ||
| 020 | _z8171337198 | ||
| 040 |
_aCaPaEBR _cCaPaEBR |
||
| 035 | _a(OCoLC)698664940 | ||
| 050 | 1 | 4 |
_aQH506 _b.G87 2008eb |
| 100 | 1 | _aGupta, P. K. | |
| 245 | 1 | 0 |
_aMolecular biology and genetic engineering _h[electronic resource] / _cP.K. Gupta. |
| 260 |
_aMeerut, India : _bRastogi Publications, _c2008. |
||
| 300 |
_a1 v. (various pagings) : _bill. |
||
| 504 | _aIncludes bibliographical references. | ||
| 505 | 0 | _apt.1. Molecular biology -- pt. 2. Genetic engineering. | |
| 533 |
_aElectronic reproduction. _bPalo Alto, Calif. : _cebrary, _d2011. _nAvailable via World Wide Web. _nAccess may be limited to ebrary affiliated libraries. |
||
| 650 | 0 | _aMolecular biology. | |
| 650 | 0 | _aGenetic engineering. | |
| 655 | 7 |
_aElectronic books. _2local |
|
| 710 | 2 | _aebrary, Inc. | |
| 856 | 4 | 0 |
_uhttp://site.ebrary.com/lib/rucke/Doc?id=10417542 _zAn electronic book accessible through the World Wide Web; click to view |
| 999 |
_c84605 _d84605 |
||